000 00348nam a2200133Ia 4500
008 190216s9999||||xx |||||||||||||| ||und||
100 _aMartin Braun
245 0 _aDifferential Equations And Their Application
250 _aFIRST
260 _bSpringer International Student Edition
_c1978
300 _a319
650 _aMathematics
942 _cBK
999 _c30612
_d30612